Statistics for That Album Was Released When?

Click here to take the quiz!

General Stats

  • This quiz has been taken 17 times
  • The average score is 16 of 34

Answer Stats

Artist Album Year % Correct
Pink FloydThe Dark Side of the Moon1973
100%
The ClashLondon Calling1979
92%
EaglesHotel California1976
92%
N.W.AStraight Outta Compton1988
85%
EminemThe Marshall Mathers LP2000
85%
David BowieThe Rise and Fall of Ziggy Stardust...1972
85%
RadioheadOK Computer1997
77%
The BeatlesRevolver1966
77%
NirvanaIn Utero1993
77%
Guns N' RosesAppetite for Destruction1987
69%
RamonesRamones1976
62%
The Beach BoysPet Sounds1966
62%
Rolling StonesSticky Fingers1971
54%
The Velvet UndergroundThe Velvet Underground & Nico1967
54%
Kanye WestMy Beautiful Dark Twisted Fantasy2010
54%
Kendrick Lamargood kid, m.A.A.d city2012
46%
RefusedThe Shape of Punk to Come1998
38%
PixiesDoolittle1989
38%
Joy DivisionUnknown Pleasures1979
38%
Bob DylanHighway 61 Revisited1965
38%
Miles DavisBitches Brew1970
31%
The Notorious B.I.G.Ready to Die1994
31%
Beastie BoysPaul's Boutique1989
31%
Primal ScreamScreamadelica1991
31%
Animal CollectiveMerriweather Post Pavilion2009
23%
Boards of CanadaMusic Has the Right to Children1998
23%
My Bloody ValentineLoveless1991
23%
PavementSlanted and Enchanted1992
23%
WilcoYankee Hotel Foxtrot2002
23%
SlintSpiderland1991
23%
Captain BeefheartTrout Mask Replica1969
15%
Public EnemyFear of a Black Planet1990
15%
Hüsker DüZen Arcade1984
15%
EmperorIn the Nightside Eclipse1994
8%

Score Distribution

Percentile by Number Answered

Percent of People with Each Score

Your Score History

You have not taken this quiz